Women’s Super League - Picture Quiz - Statistics

General Stats
  • This quiz has been taken 13 times
  • The average score is 9 of 16
Answer Stats
Picture Answer % Correct
Lauren Hemp
100%
Kyra Cooney-Cross
89%
Leah Williamson
89%
Melvine Malard
78%
Cat Macario
67%
Ffion Morgan
67%
Kosovare Asllani
67%
Nikita Parris
67%
Mary Fowler
56%
Courtney Brosnan
44%
Jessica Naz
44%
Maz Pacheco
44%
Noelle Maritz
33%
Janice Cayman
22%
Kiko Seike
22%
Leanne Kiernan
11%
No matching quizzes found
Score Distribution
Percent of People with Each Score
Percentile by Number Answered
Your Score History
You have not taken this quiz